Weiter zum Inhalt

Транспортная логистика курс лекций для изучения дисциплины в рамках подготовки бакалавра по направлению 23.03.03 – эксплуатация транспортно-технологических машин и комплексов

Курс лекций охватывает основные тематические разделы дисциплины «Транспортная логистика», особенности организации и планирования транспортных логистических процессов, инфраструктуру, особенности постоения и функционирования и регулирование процессами в транспортных логистических системах....

Ausführliche Beschreibung

Gespeichert in:
Bibliographische Detailangaben
Format: Книга
Sprache:Russian
Veröffentlicht: Орел ОрелГАУ 2016
Online Zugang:https://e.lanbook.com/book/106977
https://e.lanbook.com/img/cover/book/106977.jpg
Tags: Tag hinzufügen
Keine Tags, Fügen Sie den ersten Tag hinzu!
LEADER 01608nam0a2200229 i 4500
001 106977
003 RuSpLAN
005 20221220174013.0
008 221220s2016 ru gs 000 0 rus
040 |a RuSpLAN 
041 0 |a rus 
044 |a ru 
080 |a 658.7 
245 0 0 |a Транспортная логистика  |b курс лекций для изучения дисциплины в рамках подготовки бакалавра по направлению 23.03.03 – эксплуатация транспортно-технологических машин и комплексов 
260 |a Орел  |b ОрелГАУ  |c 2016 
300 |a 155 с. 
504 |a Библиогр.: доступна в карточке книги, на сайте ЭБС Лань 
520 8 |a Курс лекций охватывает основные тематические разделы дисциплины «Транспортная логистика», особенности организации и планирования транспортных логистических процессов, инфраструктуру, особенности постоения и функционирования и регулирование процессами в транспортных логистических системах. 
521 8 |a Книга из коллекции ОрелГАУ - Экономика и менеджмент 
856 4 |u https://e.lanbook.com/book/106977 
856 4 8 |u https://e.lanbook.com/img/cover/book/106977.jpg 
953 |a https://e.lanbook.com/img/cover/book/106977.jpg 
Cannot write session to /tmp/vufind_sessions/sess_gv70s7acas3idl08hci13uk1fr